000 01134nam a2200313 i 4500
003 EG-GICUC
005 20260121101739.0
008 260119s1972 ua ||||fr|||| 00| 0 ara d
040 _a EG-GICUC
_bara
_c EG-GICUC
_d EG-GICUC
_erda
041 0 _aara
082 0 4 _221
_a345.611
_bس م . ق
092 0 4 _221
099 _aLaw1 07 345.611 س م . ق 1972
100 0 _aسمير عبد السيد تناغو
_eمؤلف.
245 1 2 _aالقرار الإداري مصدر للحق /
_cدكتور سمير عبد السيد تناغو
264 _aالاسكندرية:
_bمنشأة المعارف،
_c1972.
300 _a104؛صفحة
_c24 سم
336 _2rda content
_atext
337 _2rda media
_aComputer
338 _2rda carrier
_aOnline Resource
504 _aيشتمل على إرجاعات ببليوجرافية.
546 _aالنص باللغة العربية
650 1 _aالقانون الإداري
_2qrmak
650 1 _aحق اصدار القرات الإدارية
651 1 _2qrmak
856 4 0 _uhttps://fll.law.cu.edu.eg/fulltext/bks/B07-02099.pdf
905 _a74
942 _2ddc
_n0
_cBK
_e21
999 _c57737
_d57737